Las nacionalidades (Record no. 178781)

MARC details
000 -LEADER
campo de control de longitud fija 01152nam a2200313 4500
001 - NÚMERO DE CONTROL
campo de control 178781
003 - IDENTIFICADOR DE NÚMERO DE CONTROL
campo de control ES-MaACL
005 - FECHA Y HORA DE LA ÚLTIMA TRANSACCIÓN
campo de control 20250809044937.0
008 - DATOS DE LONGITUD FIJA--INFORMACIÓN GENERAL
campo de control de longitud fija 110627s2009 sp |||| |dspa d
020 ## - NÚMERO INTERNACIONAL ESTÁNDAR DEL LIBRO
Número Internacional Estándar del Libro 978-84-460-3096-6
080 ## - NÚMERO DE LA CLASIFICACIÓN DECIMAL UNIVERSAL
Número de la Clasificación Decimal Universal 323.172
080 ## - NÚMERO DE LA CLASIFICACIÓN DECIMAL UNIVERSAL
Número de la Clasificación Decimal Universal 323.172(460)
100 1# - ENTRADA PRINCIPAL--NOMBRE DE PERSONA
Nombre de persona Pi y Margall, Francisco,
Fechas asociadas al nombre 1824-1901
9 (RLIN) 91732
245 14 - MENCIÓN DEL TÍTULO
Título Las nacionalidades
Resto del título : escritos y discursos sobre federalismo /
Mención de responsabilidad, etc. Francisco Pi i Margall ; edición y estudio introductorio de Ramón Máiz.
260 ## - PUBLICACIÓN, DISTRIBUCIÓN, ETC.
Lugar de publicación, distribución, etc. Tres Cantos, Madrid :
Nombre del editor, distribuidor, etc. Akal,
Fecha de publicación, distribución, etc. [2009]
300 ## - DESCRIPCIÓN FÍSICA
Extensión 711 p. ;
Dimensiones 18 cm.
490 1# - MENCIÓN DE SERIE
Mención de serie Akal básica de bolsillo ;
Designación de volumen o secuencia 193
490 1# - MENCIÓN DE SERIE
Mención de serie Clásicos del pensamiento político
504 ## - NOTA DE BIBLIOGRAFÍA, ETC.
Nota de bibliografía, etc. Referencias bibliográficas.
650 04 - PUNTO DE ACCESO ADICIONAL DE MATERIA--TÉRMINO DE MATERIA
Término de materia o nombre geográfico como elemento de entrada Federalismo
9 (RLIN) 12738
650 04 - PUNTO DE ACCESO ADICIONAL DE MATERIA--TÉRMINO DE MATERIA
Término de materia o nombre geográfico como elemento de entrada Federalismo-
Subdivisión geográfica España-
Subdivisión cronológica S.XIX
9 (RLIN) 12740
700 1# - ENTRADA AGREGADA--NOMBRE PERSONAL
Nombre de persona Máiz Suárez, Ramón.
9 (RLIN) 75636
830 10 - PUNTO DE ACCESO ADICIONAL DE SERIE-TÍTULO UNIFORME
Título uniforme Akal básica de bolsillo
Designación de volumen o secuencia 193
9 (RLIN) 223291
830 1# - PUNTO DE ACCESO ADICIONAL DE SERIE-TÍTULO UNIFORME
Título uniforme Clásicos del pensamiento político
9 (RLIN) 224323
852 ## - LOCALIZACIÓN
Ubicación ES-MaACL
Número de control de estantería A-11305
itemnumber 185642
Sublocalización o colección R.145636
Ubicación en estantería Depósito 1
Signatura antigua Olim: N-4309
942 ## - ELEMENTOS DE ENTRADA SECUNDARIOS (KOHA)
Fuente del sistema de clasificación o colocación Clasificación decimal universal
Tipo de ítem Koha Libro impreso
Holdings
Estatus retirado Estado de pérdida Fuente del sistema de clasificación o colocación Estado de daño No para préstamo Biblioteca de origen Biblioteca actual Ubicación en estantería Fecha de adquisición Fuente de adquisición Total de préstamos Signatura topográfica completa Código de barras Visto por última vez Precio de reemplazo Tipo de ítem Koha
    Clasificación decimal universal     Biblioteca del Ateneo de Madrid Biblioteca del Ateneo de Madrid Depósito 1 27/06/2011 Compra   A-11305 1187795 23/02/2023 23/02/2023 Libro impreso